Fiebre tifoidea (Record no. 70264)

MARC details
000 -LEADER
campo de control de longitud fija 00636nam a2200193 i 4500
001 - NÚMERO DE CONTROL
campo de control 70264
003 - IDENTIFICADOR DE NÚMERO DE CONTROL
campo de control ES-MaACL
005 - FECHA Y HORA DE LA ÚLTIMA TRANSACCIÓN
campo de control 20251017063054.0
007 - CAMPO FIJO DE DESCRIPCIÓN FÍSICA--INFORMACIÓN GENERAL
campo de control de longitud fija t|
008 - DATOS DE LONGITUD FIJA--INFORMACIÓN GENERAL
campo de control de longitud fija 040721s1942 sp ||||1| spa d
100 0# - ENTRADA PRINCIPAL--NOMBRE DE PERSONA
Nombre de persona García del Real, Eduardo,
Fechas asociadas al nombre 1870-1946
9 (RLIN) 54523
245 10 - MENCIÓN DEL TÍTULO
Título Fiebre tifoidea
Resto del título : Paratifus. Tifus exatemático /
Mención de responsabilidad, etc. Eduardo García del Real y Alvarez Mijares.
260 ## - PUBLICACIÓN, DISTRIBUCIÓN, ETC.
Lugar de publicación, distribución, etc. Madrid :
Nombre del editor, distribuidor, etc. Morata,
Fecha de publicación, distribución, etc. 1942 (
Fabricante Graf. Administrativa)
300 ## - DESCRIPCIÓN FÍSICA
Extensión 113 p. ;
Dimensiones 25 cm.
650 04 - PUNTO DE ACCESO ADICIONAL DE MATERIA--TÉRMINO DE MATERIA
Término de materia o nombre geográfico como elemento de entrada Tifus exantemático.
9 (RLIN) 17539
650 04 - PUNTO DE ACCESO ADICIONAL DE MATERIA--TÉRMINO DE MATERIA
Término de materia o nombre geográfico como elemento de entrada Fiebre tifoidea.
9 (RLIN) 12776
852 ## - LOCALIZACIÓN
Ubicación ES-MaACL
Número de control de estantería 1832-F-3
Sublocalización o colección R.19370
Holdings
Estatus retirado Estado de pérdida Estado de daño No para préstamo Colección Biblioteca de origen Biblioteca actual Ubicación en estantería Fecha de adquisición Fuente de adquisición Total de préstamos Signatura topográfica completa Código de barras Visto por última vez Precio de reemplazo Tipo de ítem Koha
        Colección de folletos Biblioteca del Ateneo de Madrid Biblioteca del Ateneo de Madrid Depósito folletos 17/01/2008     1832-F-3 1073578 23/02/2023 23/02/2023 Folleto